000 00356nam a2200145Ia 4500
008 191201s2004 xx 000 0 und d
082 _a621.8
_bJAT
100 _aLAL, Jagdish
245 0 _aTheory of Mechanisis and Machines
250 _a2nd
260 _aN.Delhi
_bMetropolitan Book Co
_c2004
300 _a975
650 _aB.Tech(ME)
942 _2ddc
_cBK
999 _c1039
_d1039